[Event "ROU-ch Open 2021"]
[Site "Iasi"]
[Date "2021.04.24"]
[Round "8.17"]
[White "Coca, Cristi-Iulian"]
[Black "Nastore, Pavel-Alexandru"]
[Result "1-0"]
[WhiteElo "2153"]
[BlackElo "2256"]
[Annotator "NA"]
[PlyCount "67"]
[EventDate "2021.04.19"]
[EventType "swiss"]
[EventCountry "ROU"]
[SourceTitle "playchess.com"]
[Source "ChessBase"]
[SourceQuality "1"]
[TimeControl "5400+30"]

1. Nf3 {[%emt 0:00:00]} Nf6 {[%emt 0:00:00]} 2. g3 {[%emt 0:00:04]} e6 {[%emt 0:00:46]} 3. Bg2 {[%emt 0:00:06]} a6 {[%emt 0:00:44]} 4. c4 {[%emt 0:05:29]} b5 {[%emt 0:00:04]} 5. b3 {[%emt 0:13:07]} Bb7 {[%emt 0:00:07]} 6. O-O {[%emt 0:00:40]} Be7 {[%emt 0:00:40]} 7. Bb2 {[%emt 0:00:31]} O-O {[%emt 0:00:26]} 8. Qc2 {[%emt 0:04:21]} d6 {[%emt 0:01:54]} 9. Ng5 {[%emt 0:03:32]} Bxg2 {[%emt 0:00:17]} 10. Bxf6 {[%emt 0:00:51]} g6 {[%emt 0:00:28]} 11. Nxe6 {[%emt 0:06:19]} Bxf6 {[%emt 0:45:39]} 12. Nxd8 {[%emt 0:00:13]} Bxf1 {[%emt 0:00:03]} 13. Kxf1 {[%emt 0:19:05]} Bxa1 {[%emt 0:01:02]} 14. Qe4 {[%emt 0:10:00]} Ra7 {[%emt 0:02:05]} 15. Nc6 {[%emt 0:03:05]} Nxc6 {[%emt 0:00:12]} 16. Qxc6 {[%emt 0:00:02]} Raa8 {[%emt 0:04:25]} 17. Na3 {[%emt 0:02:03]} Bb2 {[%emt 0:05:34]} 18. Nc2 {[%emt 0:00:12]} bxc4 {[%emt 0:08:47]} 19. bxc4 {[%emt 0:04:12]} Ra7 {[%emt 0:07:19]} 20. d3 {[%emt 0:08:08]} a5 {[%emt 0:00:59]} 21. a4 {[%emt 0:00:30]} Rb8 {[%emt 0:00:27]} 22. Ne3 {[%emt 0:00:25]} h5 {[%emt 0:10:19]} 23. h4 {[%emt 0:01:04]} Rb6 {[%emt 0:02:30]} 24. Qe8+ {[%emt 0:00:24]} Kg7 {[%emt 0:00:06]} 25. Nd5 {[%emt 0:00:41]} Rba6 {[%emt 0:00:41]} 26. Qb8 {[%emt 0:03:15]} Bd4 {[%emt 0:03:58]} 27. Nxc7 {[%emt 0:01:37]} Rb6 {[%emt 0:00:07]} 28. Qd8 {[%emt 0:00:13]} Rab7 {[%emt 0:02:44]} 29. Ne8+ {[%emt 0:01:50]} Kh7 {[%emt 0:00:06]} 30. Nxd6 {[%emt 0:00:20]} Rb8 {[%emt 0:00:27]} 31. Qd7 {[%emt 0:00:17]} Bg7 {[%emt 0:01:18]} 32. c5 {[%emt 0:01:24]} Rb1+ {[%emt 0:00:49]} 33. Kg2 {[%emt 0:00:07]} Rc1 {[%emt 0:00:09]} 34. c6 {[%emt 0:00:23]} 1-0

[Event "ROU-ch Open 2021"]
[Site "Iasi"]
[Date "2021.04.24"]
[Round "8.18"]
[White "Illes, Sandor-Ferenc"]
[Black "Baratosi, Daniel"]
[Result "0-1"]
[WhiteElo "1935"]
[BlackElo "2355"]
[Annotator "TA"]
[PlyCount "112"]
[EventDate "2021.04.19"]
[EventType "swiss"]
[EventCountry "ROU"]
[SourceTitle "playchess.com"]
[Source "ChessBase"]
[SourceQuality "1"]

{[%evp 11,112,27,21,12,50,35,49,41,49,28,44,52,51,36,108,102,104,82,104,96,99,89,108,118,108,93,99,75,135,1,8,4,6,4,0,-15,-12,-92,-92,-288,-211,-187,-187,-271,-279,-279,-287,-533,-536,-526,-538,-519,-492,-536,-531,-527,-515,-523,-475,-470,-429,-421,-416,-419,-335,-363,-333,-416,-415,-447,-442,-566,-573,-646,-631,-656,-647,-593,-599,-1427,-1367,-1274,-1229,-894,-831,-1361,-1090,-2189,-948,-1564,-1362,-2870,-2322,-29968,-1029,-29971,-29972,-29990,-29991,-29991,-29991,-29992,-29990]} 1. d4 Nf6 2. Bg5 e6 3. e4 h6 4. Bxf6 Qxf6 5. Nc3 d6 6. Qd2 a6 7. O-O-O {A45: Trompowsky Attack.} g6 8. f4 Bg7 9. Nf3 {White is slightly better.} Qe7 10. g4 {[#]} b6 $146 ({Predecessor:} 10... Nd7 11. f5 e5 12. h4 exd4 13. Nd5 Qd8 14. Nxd4 Ne5 15. Be2 c5 16. Nb3 a5 {1-0 (24) Gasparian,T (2255)-Fokin,S (2141) Moscow 2008}) 11. Bg2 Bb7 12. e5 d5 (12... Nc6 $14) 13. f5 $16 {Hoping for f6.} Bf8 14. Qd3 Rg8 {With the idea ...gxf5.} 15. fxe6 fxe6 16. h4 Nd7 17. Ne2 O-O-O 18. Nf4 Qf7 19. Qe3 Be7 {[#]} (19... g5 $142 20. hxg5 hxg5) 20. Rdf1 (20. g5 $1 $16) 20... g5 $1 $11 {[%cal Rg5f4]} 21. hxg5 hxg5 22. Nh5 Qg6 23. Rf2 Rdf8 24. Bf1 (24. Rhf1 $11) 24... Qe4 $17 25. Kd2 {Now White is beyond hope.} (25. Qd3 $17 {was necessary.}) 25... c5 {Threatens to win with ...cxd4.} ({Don't do} 25... Qxg4 26. Nf6 $19) 26. Rhh2 cxd4 27. Qxe4 (27. Nxd4 {might work better.} Bc5 28. c3) 27... dxe4 $19 28. Nxd4 Nxe5 29. Nxe6 $2 (29. Rxf8+ Rxf8 30. Be2) 29... Rxf2+ 30. Rxf2 e3+ {[%mdl 64] Decoy} 31. Kxe3 Nxg4+ 32. Ke2 Nxf2 33. Kxf2 Kd7 34. Bc4 Rh8 35. Neg7 b5 36. Bd3 Bd5 37. b3 Bf7 38. Ng3 Rh4 39. Ke2 Bd5 40. N7f5 Rh2+ 41. Kf1 Bc5 42. Ne4 Bxe4 43. Bxe4 {[%mdl 4096] Endgame KRB-KBN} b4 44. Ng3 Ke6 45. Bd3 Ke5 46. Ne2 Rf2+ 47. Ke1 Rf6 48. Kd2 g4 49. Ng3 Rf2+ (49... Rf3 $142 50. Ne4 {[#]} g3 $1 51. Nxg3 Rxg3 52. Bxa6 Kd4) 50. Ke1 Rg2 51. Ne4 Bd4 52. Kf1 Rg1+ 53. Ke2 Kf4 {Black mates.} 54. Nd2 Rg2+ 55. Kd1 g3 56. Bxa6 Rxd2+ {Weighted Error Value: White=0.83/Black=0.20} 0-1

[Event "ROU-ch Open 2021"]
[Site "Iasi"]
[Date "2021.04.24"]
[Round "8.19"]
[White "Negrean, Andrei"]
[Black "Martian, Dragos-Daniel"]
[Result "0-1"]
[WhiteElo "1904"]
[BlackElo "2198"]
[Annotator "NA"]
[PlyCount "196"]
[EventDate "2021.04.19"]
[EventType "swiss"]
[EventCountry "ROU"]
[SourceTitle "playchess.com"]
[Source "ChessBase"]
[SourceQuality "1"]
[TimeControl "5400+30"]

1. e4 {[%emt 0:00:00]} c5 {[%emt 0:00:44]} 2. Nf3 {[%emt 0:00:00]} e6 {[%emt 0:00:04]} 3. d4 {[%emt 0:00:00]} cxd4 {[%emt 0:00:01]} 4. Nxd4 {[%emt 0:00:14]} a6 {[%emt 0:00:01]} 5. Bd3 {[%emt 0:00:05]} Nc6 {[%emt 0:00:17]} 6. Nxc6 {[%emt 0:00:45]} dxc6 {[%emt 0:00:19]} 7. O-O {[%emt 0:01:38]} e5 {[%emt 0:00:11]} 8. a4 {[%emt 0:09:20]} a5 {[%emt 0:02:34]} 9. Be3 {[%emt 0:03:14]} Nf6 {[%emt 0:00:29]} 10. f3 {[%emt 0:01:09]} Be6 {[%emt 0:01:16]} 11. Nd2 {[%emt 0:06:16]} Bd6 {[%emt 0:02:50]} 12. Qe2 {[%emt 0:08:36]} Qe7 {[%emt 0:01:46]} 13. Nc4 {[%emt 0:01:01]} Bxc4 {[%emt 0:00:26]} 14. Bxc4 {[%emt 0:00:19]} O-O {[%emt 0:01:11]} 15. Bg5 {[%emt 0:09:53]} h6 {[%emt 0:01:00]} 16. Bh4 {[%emt 0:00:29]} Rfd8 {[%emt 0:03:21]} 17. Rae1 {[%emt 0:13:01]} Bc5+ {[%emt 0:00:30]} 18. Kh1 {[%emt 0:01:19]} g5 {[%emt 0:02:25]} 19. Bf2 {[%emt 0:01:19]} Bxf2 {[%emt 0:00:51]} 20. Qxf2 {[%emt 0:00:19]} Qb4 {[%emt 0:02:46]} 21. Bb3 {[%emt 0:01:01]} c5 {[%emt 0:07:28]} 22. Qe2 {[%emt 0:25:05]} Rd2 {[%emt 0:02:06]} 23. Qe3 {[%emt 0:00:24]} Rad8 {[%emt 0:00:37]} 24. Qc3 {[%emt 0:04:30]} Qxc3 {[%emt 0:07:49]} 25. bxc3 {[%emt 0:01:01]} Nd7 {[%emt 0:02:04]} 26. Rd1 {[%emt 0:02:27]} Nb6 {[%emt 0:00:13]} 27. Bd5 {[%emt 0:00:00]} Rxd1 {[%emt 0:02:01]} 28. Rxd1 {[%emt 0:00:00]} Rd7 {[%emt 0:01:14]} 29. c4 {[%emt 0:04:28]} Nxc4 {[%emt 0:03:42]} 30. Rb1 {[%emt 0:00:20]} Nd6 {[%emt 0:01:44]} 31. Kg1 {[%emt 0:00:54]} Kf8 {[%emt 0:03:45]} 32. c4 {[%emt 0:00:57]} Ke7 {[%emt 0:00:44]} 33. Kf2 {[%emt 0:00:07]} Kd8 {[%emt 0:03:28]} 34. h4 {[%emt 0:00:48]} gxh4 {[%emt 0:18:10]} 35. Rh1 {[%emt 0:00:11]} Nc8 {[%emt 0:00:15]} 36. Rxh4 {[%emt 0:00:12]} Rd6 {[%emt 0:08:15]} 37. Rh1 {[%emt 0:01:36]} Rb6 {[%emt 0:00:59]} 38. Bxf7 {[%emt 0:00:35]} Rb4 {[%emt 0:03:17]} 39. Rxh6 {[%emt 0:00:17]} Rxa4 {[%emt 0:00:14]} 40. g4 {[%emt 0:00:37]} Ra2+ {[%emt 0:03:37]} 41. Kg3 {[%emt 0:00:14]} Ra1 {[%emt 0:00:33]} 42. Rh8+ {[%emt 0:02:25]} Kc7 {[%emt 0:01:33]} 43. Be6 {[%emt 0:00:28]} Ne7 {[%emt 0:02:30]} 44. Ra8 {[%emt 0:00:24]} a4 {[%emt 0:02:44]} 45. g5 {[%emt 0:00:33]} a3 {[%emt 0:01:26]} 46. Bf5 {[%emt 0:00:40]} b5 {[%emt 0:04:19]} 47. cxb5 {[%emt 0:00:36]} Kb7 {[%emt 0:00:49]} 48. Ra4 {[%emt 0:00:12]} c4 {[%emt 0:00:53]} 49. Be6 {[%emt 0:01:25]} c3 {[%emt 0:00:50]} 50. Bb3 {[%emt 0:00:11]} Kb6 {[%emt 0:00:58]} 51. Rc4 {[%emt 0:01:03]} Kxb5 {[%emt 0:01:46]} 52. Rxc3 {[%emt 0:00:09]} Kb4 {[%emt 0:00:03]} 53. Rd3 {[%emt 0:00:15]} Ng6 {[%emt 0:00:46]} 54. Kh2 {[%emt 0:01:12]} Nf4 {[%emt 0:00:30]} 55. Re3 {[%emt 0:00:06]} a2 {[%emt 0:01:00]} 56. Bxa2 {[%emt 0:01:22]} Rxa2+ {[%emt 0:00:01]} 57. Kh1 {[%emt 0:01:07]} Rg2 {[%emt 0:00:44]} 58. Re1 {[%emt 0:00:32]} Rxg5 {[%emt 0:00:08]} 59. Re3 {[%emt 0:00:12]} Kc4 {[%emt 0:00:27]} 60. Ra3 {[%emt 0:00:44]} Kd4 {[%emt 0:00:17]} 61. Kh2 {[%emt 0:00:21]} Rg2+ {[%emt 0:00:25]} 62. Kh1 {[%emt 0:00:06]} Rd2 {[%emt 0:00:25]} 63. Kg1 {[%emt 0:00:32]} Nd3 {[%emt 0:00:11]} 64. Kh1 {[%emt 0:00:08]} Ke3 {[%emt 0:00:19]} 65. f4 {[%emt 0:00:09]} Kxf4 {[%emt 0:01:04]} 66. Ra4 {[%emt 0:00:13]} Kg3 {[%emt 0:00:52]} 67. Ra1 {[%emt 0:00:08]} Kf4 {[%emt 0:00:34]} 68. Ra4 {[%emt 0:00:05]} Nc5 {[%emt 0:00:09]} 69. Ra8 {[%emt 0:00:08]} Nxe4 {[%emt 0:00:12]} 70. Rf8+ {[%emt 0:00:06]} Ke3 {[%emt 0:00:44]} 71. Re8 {[%emt 0:00:10]} Nf2+ {[%emt 0:01:07]} 72. Kg2 {[%emt 0:00:16]} e4 {[%emt 0:00:06]} 73. Kf1 {[%emt 0:00:23]} Nd3 {[%emt 0:00:23]} 74. Rh8 {[%emt 0:00:11]} Nf4 {[%emt 0:00:16]} 75. Ke1 {[%emt 0:00:09]} Ra2 {[%emt 0:00:32]} 76. Kd1 {[%emt 0:00:08]} Ra1+ {[%emt 0:00:30]} 77. Kc2 {[%emt 0:00:04]} Kf3 {[%emt 0:00:08]} 78. Rb8 {[%emt 0:00:28]} e3 {[%emt 0:00:10]} 79. Rb3 {[%emt 0:00:06]} Kf2 {[%emt 0:00:17]} 80. Rb4 {[%emt 0:00:07]} Ng2 {[%emt 0:00:24]} 81. Rb8 {[%emt 0:00:09]} e2 {[%emt 0:00:19]} 82. Rf8+ {[%emt 0:00:05]} Kg1 {[%emt 0:00:08]} 83. Re8 {[%emt 0:00:07]} e1=Q {[%emt 0:00:10]} 84. Rxe1+ {[%emt 0:00:05]} Rxe1 {[%emt 0:00:10]} 85. Kd3 {[%emt 0:00:08]} Kf2 {[%emt 0:00:14]} 86. Kd4 {[%emt 0:00:04]} Nf4 {[%emt 0:00:10]} 87. Kc5 {[%emt 0:00:11]} Rd1 {[%emt 0:00:06]} 88. Kc4 {[%emt 0:00:05]} Ke3 {[%emt 0:00:06]} 89. Kc5 {[%emt 0:00:05]} Ke4 {[%emt 0:00:04]} 90. Kc6 {[%emt 0:00:05]} Rd5 {[%emt 0:00:08]} 91. Kb6 {[%emt 0:00:04]} Kd4 {[%emt 0:00:06]} 92. Kc6 {[%emt 0:00:06]} Kc4 {[%emt 0:00:01]} 93. Kb6 {[%emt 0:00:10]} Rc5 {[%emt 0:00:06]} 94. Kb7 {[%emt 0:00:06]} Kb5 {[%emt 0:00:06]} 95. Ka7 {[%emt 0:00:07]} Rc7+ {[%emt 0:00:12]} 96. Ka8 {[%emt 0:00:05]} Kb6 {[%emt 0:00:07]} 97. Kb8 {[%emt 0:00:05]} Rc1 {[%emt 0:00:06]} 98. Ka8 {[%emt 0:00:04]} Rc8# {[%emt 0:00:06]} 0-1

[Event "ROU-ch Open 2021"]
[Site "Iasi"]
[Date "2021.04.24"]
[Round "8.20"]
[White "Magold, Filip"]
[Black "Panc, Samuel"]
[Result "1-0"]
[WhiteElo "2065"]
[BlackElo "1937"]
[Annotator "NA"]
[PlyCount "57"]
[EventDate "2021.04.19"]
[EventType "swiss"]
[EventCountry "ROU"]
[SourceTitle "playchess.com"]
[Source "ChessBase"]
[SourceQuality "1"]
[TimeControl "5400+30"]

1. e4 {[%emt 0:00:00]} c5 {[%emt 0:05:33]} 2. Nf3 {[%emt 0:00:00]} a6 {[%emt 0:00:06]} 3. c3 {[%emt 0:00:00]} d5 {[%emt 0:00:04]} 4. exd5 {[%emt 0:00:50]} Qxd5 {[%emt 0:00:06]} 5. d4 {[%emt 0:00:14]} e6 {[%emt 0:00:06]} 6. Be3 {[%emt 0:00:51]} cxd4 {[%emt 0:00:30]} 7. cxd4 {[%emt 0:00:18]} Nc6 {[%emt 0:00:11]} 8. Nc3 {[%emt 0:00:38]} Qd8 {[%emt 0:00:57]} 9. a3 {[%emt 0:00:12]} Nf6 {[%emt 0:00:21]} 10. Bd3 {[%emt 0:00:47]} h6 {[%emt 0:01:26]} 11. O-O {[%emt 0:01:00]} Ne7 {[%emt 0:02:18]} 12. Ne5 {[%emt 0:02:01]} g6 {[%emt 0:05:50]} 13. Qf3 {[%emt 0:06:15]} Bg7 {[%emt 0:00:04]} 14. Rfe1 {[%emt 0:07:02]} O-O {[%emt 0:00:35]} 15. Bxh6 {[%emt 0:05:38]} Qxd4 {[%emt 0:00:31]} 16. Rad1 {[%emt 0:03:04]} Qa7 {[%emt 0:00:38]} 17. h4 {[%emt 0:12:31]} b5 {[%emt 0:03:18]} 18. Ne4 {[%emt 0:03:14]} Nxe4 {[%emt 0:00:06]} 19. Bxe4 {[%emt 0:00:05]} Rb8 {[%emt 0:01:18]} 20. Rd8 {[%emt 0:01:08]} f5 {[%emt 0:01:26]} 21. Rxf8+ {[%emt 0:04:01]} Kxf8 {[%emt 0:01:38]} 22. Bxg7+ {[%emt 0:01:39]} Kxg7 {[%emt 0:00:07]} 23. Qc3 {[%emt 0:02:32]} Kg8 {[%emt 0:02:36]} 24. Rd1 {[%emt 0:03:36]} Qb6 {[%emt 0:01:50]} 25. Bf3 {[%emt 0:00:56]} a5 {[%emt 0:05:36]} 26. b4 {[%emt 0:00:26]} axb4 {[%emt 0:00:28]} 27. axb4 {[%emt 0:00:13]} Kf8 {[%emt 0:00:25]} 28. h5 {[%emt 0:00:46]} g5 {[%emt 0:00:41]} 29. h6 {[%emt 0:00:34]} 1-0

[Event "ROU-ch Open 2021"]
[Site "Iasi"]
[Date "2021.04.25"]
[Round "9.7"]
[White "Deac, Bogdan-Daniel"]
[Black "Gavrilescu, David"]
[Result "1-0"]
[WhiteElo "2625"]
[BlackElo "2476"]
[Annotator "TA"]
[PlyCount "141"]
[EventDate "2021.04.19"]
[EventType "swiss"]
[EventCountry "ROU"]
[SourceTitle "playchess.com"]
[Source "ChessBase"]
[SourceQuality "1"]

{[%evp 11,141,29,30,21,25,9,22,23,33,25,15,13,11,6,17,8,22,0,10,0,0,0,0,0,0,0,18,14,29,0,0,0,0,0,31,0,0,0,18,-27,-38,-34,-19,-34,-30,-34,-27,-21,-22,-27,25,0,0,0,0,0,40,39,34,29,77,58,59,35,75,82,90,70,85,70,102,71,87,0,122,62,97,74,84,72,72,74,95,82,94,8,74,62,62,62,73,77,74,64,91,93,91,73,158,135,246,225,257,248,231,211,211,211,208,208,214,207,212,181,187,171,207,207,207,193,187,170,154,154,392,377,617,595,1421,2451,1396,0]} 1. d4 d5 2. c4 e6 3. Nf3 Nf6 4. g3 dxc4 5. Bg2 a6 6. O-O Nc6 7. Be3 {E04: Open Catalan: 5 Nf3.} Nd5 8. Bg5 $5 {[%mdl 4] Exploring less charted territory.} Be7 9. Bxe7 {[#] The position is equal.} Ncxe7 $146 ({Predecessor:} 9... Ndxe7 10. e3 O-O 11. Nbd2 b5 12. b3 c3 13. Ne4 Nd5 14. a3 f5 15. Nc5 a5 {1-0 (42) Eljanov,P (2717)-Sethuraman,S (2640) Berlin 2015}) 10. Ne5 b5 11. b3 cxb3 12. Qxb3 O-O 13. Rc1 Rb8 14. Nd2 Bb7 15. e3 Nf6 16. Bxb7 Rxb7 17. Qa3 Qd6 18. Rc5 Rb6 19. Rac1 Nfd5 20. Qa5 f6 21. Ne4 Qd8 22. Nd3 Nc8 {[%cal Be7c8,Bc8d6,Bd6c4][%mdl 32]} 23. Nc3 {[%cal Be4c3,Bc3e2,Be2f4,Bf4d3,Bd3c5][%mdl 1056] aiming for Nxd5. White has compensation.} Nde7 24. Ne2 Nd6 25. Qa3 Nc4 26. Qc3 Nf5 27. Nef4 Qd7 28. Nb2 Nfd6 {Threatens to win with ...Ne4.} 29. Qc2 Re8 30. Nfd3 {[%cal Rb2c4]} Rc6 (30... Reb8 $142) 31. a4 (31. Nxc4 {feels hotter.} Nxc4 32. Rxc6 Qxc6 33. Nb2 e5 34. Nxc4 bxc4 35. Qxc4+ Qxc4 36. Rxc4 exd4 37. exd4 Re4 38. f3) 31... Rxc5 32. Nxc5 Qc6 33. Nxa6 bxa4 34. Qxa4 Qxa4 35. Nxa4 Re7 36. Nb4 Kf7 37. Nc5 Nb6 38. Nca6 Ndc4 39. Kg2 Rd7 40. Nc5 Rd6 41. Nb7 Rd7 42. Nc5 Rd6 43. Nbd3 (43. Ra1 $16) 43... Rd5 44. Na6 Rd7 45. Ndc5 Re7 46. e4 c6 47. Nb8 Rc7 {[#]} 48. Nd3 (48. Na4 $1 $16) 48... Ke7 (48... Rc8 $11 49. Nd7 Nxd7 50. Rxc4 e5) 49. e5 Rc8 50. Na6 Rd8 51. Nab4 Rc8 52. f4 fxe5 53. dxe5 Nd5 54. Kf2 Ndb6 ({Better is} 54... Nxb4 55. Nxb4 Na5) 55. Nc5 $16 Ra8 (55... Rc7 $16 {was worth a try.} 56. Nc2 Nd7) 56. Nxc6+ $18 Kf7 57. Nd4 Ra2+ 58. Rc2 Rxc2+ 59. Nxc2 {[%mdl 4096] Endgame KNN-KNN} Nd5 60. Nd4 Nc7 61. Ne4 Ke7 62. Ke2 Nb6 63. Nc5 Nc4 64. Kd3 Nb6 65. Ke4 g6 66. Nc6+ Ke8 67. Kd4 Nc8 $2 {[#] Loses the game.} (67... Nd7 $16 {was called for.} 68. Ne4 Kf8) 68. Ne4 h6 $2 (68... Nd5 69. Ng5 Kd7) 69. Nd6+ {White is clearly winning.} Nxd6 70. exd6 Nb5+ 71. Ke4 $2 {[%mdl 32768] Weighted Error Value: White=0.14/Black=0.14. Sensor Board Error (Ke4/e5)?} (71. Kc5 $18 Nc3 72. Kd4) 1-0

[Event "ROU-ch Open 2021"]
[Site "Iasi"]
[Date "2021.04.25"]
[Round "9.8"]
[White "Stoleriu, George"]
[Black "Nanu, Costica-Ciprian"]
[Result "1/2-1/2"]
[WhiteElo "2349"]
[BlackElo "2503"]
[Annotator "TA"]
[PlyCount "28"]
[EventDate "2021.04.19"]
[EventType "swiss"]
[EventCountry "ROU"]
[SourceTitle "playchess.com"]
[Source "ChessBase"]
[SourceQuality "1"]

{[%evp 11,15,6,3,6,13,-3]} 1. e4 c5 2. Nf3 d6 3. Bb5+ Nd7 4. d4 cxd4 5. Qxd4 a6 6. Bxd7+ Bxd7 7. c4 {B51: Sicilian: Moscow Variation (3 Bb5+) without 3...Bd7.} Nf6 8. Nc3 {[#] An uneventful encounter. Not enough moves} {Predecessor:} g6 $146 9. O-O Bg7 10. a4 Bc6 11. Qd3 Nd7 12. Be3 Nc5 13. Qc2 O-O 14. Nd4 Rc8 {½-½ (42) Carlsen,M (2863)-Ding,L (2791) chess24.com INT 2020} 1/2-1/2

[Event "ROU-ch Open 2021"]
[Site "Iasi"]
[Date "2021.04.25"]
[Round "9.9"]
[White "Ghimpu, Samuel-Timotei"]
[Black "Jianu, Vlad-Cristian"]
[Result "1/2-1/2"]
[WhiteElo "2315"]
[BlackElo "2532"]
[Annotator "RC"]
[PlyCount "38"]
[EventDate "2021.04.19"]
[EventType "swiss"]
[EventCountry "ROU"]
[SourceTitle "playchess.com"]
[Source "ChessBase"]
[SourceQuality "1"]
[TimeControl "5400+30"]

1. e4 {[%emt 0:00:00]} e6 {[%emt 0:00:00]} 2. d4 {[%emt 0:00:30]} d5 {[%emt 0:00:00]} 3. Nc3 {[%emt 0:00:56]} Bb4 {[%emt 0:00:59]} 4. e5 {[%emt 0:00:33]} c5 {[%emt 0:00:06]} 5. a3 {[%emt 0:00:11]} Bxc3+ {[%emt 0:00:05]} 6. bxc3 {[%emt 0:00:04]} Qa5 {[%emt 0:00:08]} 7. Bd2 {[%emt 0:12:45]} Qa4 {[%emt 0:00:16]} 8. Qb1 {[%emt 0:00:11]} c4 {[%emt 0:01:21]} 9. Ne2 {[%emt 0:02:16]} Nc6 {[%emt 0:00:09]} 10. Nf4 {[%emt 0:01:06]} Nge7 {[%emt 0:10:05]} 11. Nh5 {[%emt 0:06:39]} Rg8 {[%emt 0:00:05]} 12. Be2 {[%emt 0:01:14]} Bd7 {[%emt 0:00:07]} 13. O-O {[%emt 0:02:00]} O-O-O {[%emt 0:00:05]} 14. Bg4 {[%emt 0:03:06]} Rdf8 {[%emt 0:02:25]} 15. Re1 {[%emt 0:00:22]} Kb8 {[%emt 0:02:11]} 16. Bh3 {[%emt 0:05:11]} Ka8 {[%emt 0:00:46]} 17. f4 {[%emt 0:17:27]} Bc8 18. Kh1 {[%emt 0:00:10]} h6 {[%emt 0:00:01]} 19. Re2 {[%emt 0:00:04]} b5 {[%emt 0:00:24]} 1/2-1/2

[Event "ROU-ch Open 2021"]
[Site "Iasi"]
[Date "2021.04.25"]
[Round "9.10"]
[White "Coca, Cristi-Iulian"]
[Black "Filip, Lucian-Ioan"]
[Result "1/2-1/2"]
[WhiteElo "2153"]
[BlackElo "2442"]
[Annotator "TA"]
[PlyCount "118"]
[EventDate "2021.04.19"]
[EventType "swiss"]
[EventCountry "ROU"]
[SourceTitle "playchess.com"]
[Source "ChessBase"]
[SourceQuality "1"]

{[%evp 25,118,39,28,25,28,24,25,16,27,22,46,32,23,35,24,39,66,75,77,76,75,75,96,86,97,88,114,81,93,75,67,80,75,81,97,103,106,103,96,103,102,96,98,96,96,97,131,112,114,101,102,81,125,84,118,60,73,57,78,4,4,6,11,6,63,6,6,6,6,6,6,6,6,6,6,6,6,6,8,11,18,18,25,6,6,6,6,6,6,6,6,6,6,6,6]} 1. e4 c5 2. c3 Nf6 3. e5 Nd5 4. d4 cxd4 5. Nf3 e6 6. cxd4 b6 7. Nc3 Nxc3 8. bxc3 Qc7 9. Bd2 Be7 10. Bd3 Ba6 11. Bxa6 Nxa6 12. Qe2 Qb7 13. O-O O-O 14. a4 {B22: Sicilian: 2 c3.} Nc7 15. Rfb1 Qc6 16. c4 {White has an edge.} Rfc8 {[#]} 17. a5 $146 ({Predecessor:} 17. Rc1 Ne8 18. a5 Rcb8 19. Qd3 d5 20. exd6 Qxd6 21. Ne5 Bf6 22. Bf4 Rd8 23. Rd1 Bxe5 24. Bxe5 {1-0 (30) Grela,K (2237)-Chmelik,J (1980) Teplice 2015}) 17... Rab8 18. axb6 axb6 19. Bb4 Bxb4 20. Rxb4 Ra8 21. Rab1 Ra4 22. Rxa4 Qxa4 23. Rxb6 Ne8 24. c5 Nc7 25. h3 Nd5 26. Rb7 (26. Ra6 {seems wilder.} Qb4 27. Ra7 Rd8 28. Qa6 g6 29. Qa5) 26... h6 27. Qb5 (27. Qd3 {looks sharper.} Rd8 28. Kh2 Qa2 29. Qd2 Qa4 30. Rb2) 27... Qxb5 28. Rxb5 $16 {[%mdl 4096] Endgame KRN-KRN} Rc7 29. Nd2 f6 30. Nc4 Ne7 31. exf6 gxf6 32. Nd6 Ra7 33. Rb8+ Kg7 34. Nc8 Nxc8 35. Rxc8 {KR-KR} Kf7 36. Rh8 Kg7 37. Rb8 (37. Rd8 {feels hotter.} Kg6 38. Kh2 Kf5 39. Rh8 Kg5 40. g3) 37... Kf7 38. Rb4 Ke7 39. Kh2 Ra3 40. f3 ({White should try} 40. g4 $16) 40... Rd3 $14 41. Kg3 Rd2 42. f4 (42. h4 $16) 42... f5 $11 43. Ra4 Kd8 44. Kf3 h5 ({Black should play} 44... Ke7 $11) 45. g4 (45. Kg3 $14) 45... fxg4+ 46. hxg4 hxg4+ 47. Kxg4 Rd1 48. Kf3 Rf1+ 49. Ke3 Re1+ 50. Kf2 Rc1 51. Ke2 Kc7 52. Ra7+ Kd8 53. Ra6 Rc3 54. f5 exf5 {The position is equal.} 55. Rf6 Ke7 56. Rxf5 d6 57. Kd2 Rc4 58. Kd3 Rc1 59. Rh5 (59. Ke4 $5 {[%cal Re4d5]}) 59... dxc5 {Weighted Error Value: White=0.13/Black=0.07} 1/2-1/2

[Event "ROU-ch Open 2021"]
[Site "Iasi"]
[Date "2021.04.25"]
[Round "9.11"]
[White "Albu, George"]
[Black "Zubcu, Vlad-George"]
[Result "1-0"]
[WhiteElo "2050"]
[BlackElo "2168"]
[Annotator "ChessBase"]
[PlyCount "57"]
[EventDate "2021.04.19"]
[EventType "swiss"]
[EventCountry "ROU"]
[SourceTitle "playchess.com"]
[Source "ChessBase"]
[SourceQuality "1"]
[TimeControl "5400+30"]

1. d4 {[%emt 0:04:46]} Nf6 {[%emt 0:00:30]} 2. c4 {[%emt 0:00:04]} e6 {[%emt 0:00:04]} 3. Nc3 {[%emt 0:00:05]} Bb4 {[%emt 0:00:03]} 4. f3 {[%emt 0:00:05]} d5 {[%emt 0:03:37]} 5. a3 {[%emt 0:00:33]} Bxc3+ {[%emt 0:00:06]} 6. bxc3 {[%emt 0:00:04]} c5 {[%emt 0:00:03]} 7. cxd5 {[%emt 0:00:11]} exd5 {[%emt 0:00:05]} 8. e3 {[%emt 0:00:07]} c4 {[%emt 0:00:04]} 9. g4 {[%emt 0:00:05]} Nc6 {[%emt 0:06:06]} 10. Ne2 {[%emt 0:00:20]} Na5 {[%emt 0:00:50]} 11. Bg2 {[%emt 0:00:10]} Nb3 {[%emt 0:00:05]} 12. Rb1 {[%emt 0:00:05]} O-O {[%emt 0:00:32]} 13. O-O {[%emt 0:00:05]} b5 {[%emt 0:03:16]} 14. e4 {[%emt 0:01:31]} Ne8 {[%emt 0:08:12]} 15. Be3 {[%emt 0:19:22]} a5 {[%emt 0:01:16]} 16. Ng3 {[%emt 0:06:41]} Nc7 {[%emt 0:01:34]} 17. e5 {[%emt 0:04:55]} Ra6 {[%emt 0:01:48]} 18. f4 {[%emt 0:01:36]} b4 {[%emt 0:01:00]} 19. axb4 {[%emt 0:06:01]} axb4 {[%emt 0:00:07]} 20. cxb4 {[%emt 0:08:40]} Qe7 {[%emt 0:00:07]} 21. f5 {[%emt 0:01:58]} Qxb4 {[%emt 0:00:56]} 22. f6 {[%emt 0:01:03]} Qc3 {[%emt 0:00:45]} 23. Qe2 {[%emt 0:21:46]} Nxd4 {[%emt 0:05:59]} 24. Qf2 {[%emt 0:00:06]} Nde6 {[%emt 0:00:25]} 25. Nf5 {[%emt 0:01:20]} g6 {[%emt 0:02:19]} 26. Qh4 {[%emt 0:04:58]} Qxe5 {[%emt 0:06:50]} 27. Rbe1 {[%emt 0:08:13]} Qb2 {[%emt 0:01:35]} 28. Rf3 {[%emt 0:00:20]} Ra2 {[%emt 0:03:30]} 29. Qxh7+ {[%emt 0:00:57]} 1-0